书目信息 |
| 题名: |
中外奇穴精要
|
|
| 作者: | 何广新 编著 | |
| 分册: | ||
| 出版信息: | 北京 北京科学技术出版社 2005 |
|
| 页数: | 321页 | |
| 开本: | 20cm | |
| 丛书名: | ||
| 单 册: | ||
| 中图分类: | R224.2 | |
| 科图分类: | ||
| 主题词: | 奇穴 | |
| 电子资源: | ||
| ISBN: | 7-5304-3231-1 | |
| 000 | 00844nam0 2200229 450 | |
| 001 | 010010028323 | |
| 005 | 20061104154856.20 | |
| 010 | @a7-5304-3231-1@dCNY25.00 | |
| 100 | @a20051108d2005 em y0chiy0110 ea | |
| 101 | 0 | @achi |
| 102 | @aCN@b110000 | |
| 105 | @aa z 000yy | |
| 200 | 1 | @a中外奇穴精要@9zhong wai qi xue jing yao@e特效奇穴临床应用@f何广新编著 |
| 210 | @a北京@c北京科学技术出版社@d2005 | |
| 215 | @a321页@c图@d20cm | |
| 330 | @a本书不仅论述了中国传统奇穴的定位、取穴方法、主治和用法,而且还将一些国外医生在临床实践中发现的有效刺激点,如良导点、皮肤活动点、运动点、触发点和福尔电针刺激点等,进行了详细论述。 | |
| 517 | 1 | @a特效奇穴临床应用@9te xiao qi xue lin chuang ying yong |
| 606 | 0 | @a奇穴 |
| 690 | @aR224.2@v4 | |
| 701 | 0 | @a何广新@9he guang xin@4编著 |
| 801 | 0 | @aCN@bRENTIAN@c20061104 |
| 905 | @a10447@dR224.2@e175 | |
| 中外奇穴精要:特效奇穴临床应用/何广新编著.-北京:北京科学技术出版社,2005 |
| 321页:图;20cm |
| ISBN 7-5304-3231-1:CNY25.00 |
| 本书不仅论述了中国传统奇穴的定位、取穴方法、主治和用法,而且还将一些国外医生在临床实践中发现的有效刺激点,如良导点、皮肤活动点、运动点、触发点和福尔电针刺激点等,进行了详细论述。 |
| ● |
| 相关链接 |
|
|
|
|
正题名:中外奇穴精要
索取号:R224.2/175
 
预约/预借
| 序号 | 登录号 | 条形码 | 馆藏地/架位号 | 状态 | 备注 |
| 1 | 0380817 | 203808175 | 第二样本阅览室/ [索取号:R224.2/175] | 在馆 | |
| 2 | 0380818 | 203808184 | 第三借阅区/ [索取号:R224.2/175] | 在馆 | |
| 3 | 0380819 | 203808193 | 第三借阅区/ [索取号:R224.2/175] | 在馆 | |
| 4 | 0380820 | 203808200 | 第三借阅区/ [索取号:R224.2/175] | 在馆 | |
| 5 | 0380821 | 203808219 | 第三借阅区/ [索取号:R224.2/175] | 在馆 |